header

One state, two states (Record no. 11075)

MARC details
000 -LEADER
fixed length control field 01583nam a2200385Ia 4500
082 04 - DEWEY DECIMAL CLASSIFICATION NUMBER
Classification number 956.9405/4
100 1# - MAIN ENTRY--AUTHOR NAME
Personal name Morris, Benny,
245 10 - TITLE STATEMENT
Title One state, two states
260 ## - PUBLICATION, DISTRIBUTION, ETC. (IMPRINT)
Place of publication New Haven :
Name of publisher Yale University Press,
Year of publication c2009.
300 ## - PHYSICAL DESCRIPTION
Number of Pages xvi, 240 p. :
Other physical details maps.
650 #0 - SUBJECT ADDED ENTRY--TOPICAL TERM
Topical Term Arab-Israeli conflict
Topical Term Israel-Arab War, 1948-1949
Topical Term Israel-Arab War, 1948-1949
Topical Term Jewish-Arab relations
Topical Term Palestinian Arabs
Topical Term Zionism
856 40 - ELECTRONIC LOCATION AND ACCESS
Uniform Resource Identifier http://site.ebrary.com/lib/rucke/Doc?id=10690327

No items available.

© 2026 Rongo University
Contact us: librarian | system librarian | Rongo university